|
|
|
|
| LEADER |
00000nbm0a2200000 4500 |
| 001 |
158804 |
| 005 |
20231031154733.0 |
| 029 |
0 |
0 |
|a SU
|b 01820071902
|f ТПУ
|
| 035 |
|
|
|a (RuTPU)RU\TPU\book\172229
|
| 035 |
|
|
|a RU\TPU\book\169422
|
| 090 |
|
|
|a 158804
|
| 100 |
|
|
|a 20090428d1981 k y0rusy50 ca
|
| 101 |
0 |
|
|a rus
|
| 102 |
|
|
|a RU
|
| 105 |
|
|
|a a p 001zy
|
| 200 |
1 |
|
|a Изучение структуры и физико-химических свойств полимерных гелей
|a Синтез и изучение некоторых свойств изотактического полиметилметакрилата
|e Промежуточный отчет о НИР
|e Тема: № 5-59/80
|f Томский политехнический институт (ТПИ) ; руководитель В. П. Лопатинский ; Г. В. Несын
|
| 210 |
|
|
|a Томск
|d 1981
|
| 215 |
|
|
|a 67 л.
|
| 320 |
|
|
|a Библиогр.: с. 67.
|
| 610 |
1 |
|
|a синтез
|
| 610 |
1 |
|
|a анионная полимеризация
|
| 610 |
1 |
|
|a физико-химические свойства
|
| 610 |
1 |
|
|a изотактический полиметилметакрилат
|
| 610 |
1 |
|
|a катализаторы
|
| 610 |
1 |
|
|a реология
|
| 610 |
1 |
|
|a изотаксичность
|
| 610 |
1 |
|
|a полимерные гели
|
| 610 |
1 |
|
|a молекулярная масса
|
| 610 |
1 |
|
|a ЯМР-спектроскопия
|
| 675 |
|
|
|a 678.744(04)
|v 3
|
| 702 |
|
1 |
|a Лопатинский
|b В. П.
|c российский химик
|c Заслуженный профессор ТПУ
|f 1924-1999
|g Вадим Петрович
|2 stltpush
|3 (RuTPU)RU\TPU\pers\19835
|4 673
|
| 702 |
|
1 |
|a Несын
|b Г. В.
|4 677
|
| 712 |
0 |
2 |
|a Томский политехнический институт (ТПИ)
|c (1944-1991)
|2 stltpush
|3 (RuTPU)RU\TPU\col\1123
|4 595
|
| 801 |
|
1 |
|a RU
|b 63413507
|c 20090324
|g PSBO
|
| 801 |
|
2 |
|a RU
|b 63413507
|c 20090428
|g PSBO
|
| 942 |
|
|
|c BK
|